Kierowcy Formuły 1 z największą ilością zwycięstw - Statystyki

Ogólne statystyki
  • Ten quiz został rozwiązany 68 razy
  • Średni wynik to 12 z 20
Statystyki odpowiedzi
Zwycięstwa Kierowca % Poprawnych
103 Lewis Hamilton
100%
32 Fernando Alonso
96%
37 Max Verstappen
94%
91 Michael Schumacher
91%
53 Sebastian Vettel
89%
41 Ayrton Senna
85%
21 Kimi Raikkonen
75%
25 Niki Lauda
74%
51 Alain Prost
68%
23 Nico Rosberg
68%
24 Juan Manuel Fangio
53%
15 Jenson Button
51%
20 Mika Hakkinen
47%
22 Damon Hill
40%
14 Graham Hill
38%
31 Nigel Mansell
34%
23 Nelson Piquet
32%
25 Jim Clarck
26%
27 Jackie Stewart
21%
16 Stirling Moss
11%
Nie znaleziono quizów pasujących do podanych kryteriów
Rozkład punktacji
Procent ludzi z każdym wynikiem
Percentyl według liczby udzielonych odpowiedzi
Twoja historia wyników
Nie rozwiązałeś tego quizu